Munkahelyi pszichoterror

Bibliographic Details
Main Author: Patyi Nóra
Other Authors: Krajcsák Dr. Zoltán
Format: Thesis
Kulcsszavak:Mobbing
Pszichoterror
zaklatás
Online Access:http://dolgozattar.uni-bge.hu/12133

MARC

LEADER 00000nta a2200000 i 4500
001 dolg12133
005 20170518085303.0
008 170518suuuu hu om 000 hun d
040 |a BGE Dolgozattár Repozitórium  |b hun 
041 |a hu 
100 1 |a Patyi Nóra 
245 1 0 |a Munkahelyi pszichoterror  |c Patyi Nóra  |h [elektronikus dokumentum] 
695 |a Mobbing 
695 |a Pszichoterror 
695 |a zaklatás 
700 1 |a Krajcsák Dr. Zoltán  |e ths 
856 4 0 |u http://dolgozattar.uni-bge.hu/12133/1/Patyi%20N%C3%B3ra_Munkahelyi%20pszichoterror%202017.pdf  |z Dokumentum-elérés 
856 4 0 |u http://dolgozattar.uni-bge.hu/12133/2/titkos%C3%ADt%C3%A1s.jpg  |z Dokumentum-elérés